000 00692nam a2200289Ia 4500
005 20260324143024.0
008 008 260324s9999 xx 000 0 eng d
020 _a9781315789682
037 _aEBOOK
040 _aCRL
040 _beng
040 _cCRL
041 _2eng
041 _aeng
084 _qCRL
100 _aCarol Buchalter Stapp
_91214107
245 0 _aAfro-Americans in Antebellum Boston
245 3 _bAn Analysis of Probate Records
260 _bTaylor and Francis
260 _c1993
365 _a
365 _b145
856 _uhttp://www.taylorfrancis.com/books/9781315789682
942 _cEBOOK
999 _c1818999
_d1818999